Programes de la Escola Universitària Jordi Rubió i Balaguer de Biblioteconomia i Documentació de Barcelona : Tercer curs : 1985-86 Tercer curs :
Descripción Física:
22 p. ; 21 cm
MARC
| LEADER | 00000nam a2200000Ia 4500 | ||
|---|---|---|---|
| 001 | 11580 | ||
| 008 | 160829s9999 xx 000 0 cat d | ||
| 080 | |a FU-13-12 | ||
| 110 | 2 | |a Escola Universitària Jordi Rubió i Balaguer de Biblioteconomia i Documentació |9 54300 | |
| 245 | |a Programes de la Escola Universitària Jordi Rubió i Balaguer de Biblioteconomia i Documentació de Barcelona : |b Tercer curs : |b 1985-86 | ||
| 260 | |a Barcelona : |b Diputació de Barcelona. Servei d'Ensenyament i Investigació, dl 1985 | ||
| 300 | |a 22 p. ; |c 21 cm | ||
| 610 | 2 | 0 | |a Escola Universitària Jordi Rubió i Balaguer de Biblioteconomia i Documentació |b Currículums |9 54303 |
| 710 | 1 | |a Barcelona (Catalunya : Província). |b Servei d'Ensenyament i Investigació |9 54366 | |
| 901 | |a Arxiu | ||
| 942 | |n 1 | ||
| 952 | |0 0 |1 0 |4 0 |6 FU1312 |7 1 |9 43273 |a Arxiu |b Arxiu |d 2016-12-01 |l 0 |o FU-13-12 |p 11580 |r 2016-12-01 00:00:00 |w 2016-12-01 |y ARXIU | ||
| 999 | |c 45818 |d 45818 | ||